<?xml version="1.0" encoding="UTF-8"?>
<collection xmlns:xsi="http://www.w3.org/2001/XMLSchema-instance" xsi:schemaLocation="http://www.loc.gov/MARC21/slim http://www.loc.gov/standards/marcxml/schema/MARC21slim.xsd" xmlns="http://www.loc.gov/MARC21/slim">
 <record>
  <leader>00000cam a22000005a 4500</leader>
  <controlfield tag="001">UP-99796217611190654</controlfield>
  <controlfield tag="003">Buklod</controlfield>
  <controlfield tag="005">20140421092616.0</controlfield>
  <controlfield tag="006">aa    r     ||| u </controlfield>
  <controlfield tag="007">ta</controlfield>
  <controlfield tag="008">120508s2012    enkad  erb   |001 0|eng d</controlfield>
  <datafield tag="020" ind1=" " ind2=" ">
   <subfield code="a">9781781952306 (hbk)</subfield>
  </datafield>
  <datafield tag="035" ind1=" " ind2=" ">
   <subfield code="a">(iLib)UPD-00214607492</subfield>
  </datafield>
  <datafield tag="040" ind1=" " ind2=" ">
   <subfield code="a">DLC</subfield>
   <subfield code="d">DECON</subfield>
  </datafield>
  <datafield tag="041" ind1=" " ind2=" ">
   <subfield code="a">eng</subfield>
  </datafield>
  <datafield tag="090" ind1=" " ind2=" ">
   <subfield code="a">HQ 1064 A78</subfield>
   <subfield code="b">A45 2012</subfield>
  </datafield>
  <datafield tag="245" ind1="0" ind2="0">
   <subfield code="a">Aging, economic growth, and old-age security in Asia</subfield>
   <subfield code="c">edited by Donghyun Park, Sang-Hyop Lee, Andrew Mason.</subfield>
  </datafield>
  <datafield tag="264" ind1=" " ind2="1">
   <subfield code="a">Cheltenham [England]</subfield>
   <subfield code="b">Edward Elgar</subfield>
   <subfield code="c">c2012.</subfield>
  </datafield>
  <datafield tag="300" ind1=" " ind2=" ">
   <subfield code="a">xvi, 295 p.</subfield>
   <subfield code="b">ill., charts</subfield>
  </datafield>
  <datafield tag="500" ind1=" " ind2=" ">
   <subfield code="a">Co-publication of Asian Development Bank and Edward Elgar Publishing.</subfield>
  </datafield>
  <datafield tag="505" ind1="0" ind2=" ">
   <subfield code="a">Machine generated contents note: 1.</subfield>
   <subfield code="t">Overview: why does population aging matter so much for Asia? Population aging, economic growth, and economic security in Asia</subfield>
   <subfield code="r">Donghyun Park -- 2.</subfield>
   <subfield code="t">Population, wealth, and economic growth in Asia and the Pacific</subfield>
   <subfield code="r">Sang-Hyop Lee -- 3.</subfield>
   <subfield code="t">Impact of population aging on Asia's future growth</subfield>
   <subfield code="r">Kwanho Shin -- 4.</subfield>
   <subfield code="t">Population aging and aggregate consumption in developing Asia</subfield>
   <subfield code="r">Gemma Estrada</subfield>
   <subfield code="r">Donghyun Park</subfield>
   <subfield code="r">Arief Ramayandi -- 5.</subfield>
   <subfield code="t">The economic lifecycle and support systems in Asia</subfield>
   <subfield code="r">Andrew Mason -- 6.</subfield>
   <subfield code="t">Demographic change, intergenerational transfers, and the challenges for social protection systems in the People's Republic of China</subfield>
   <subfield code="r">Ling Li -- 7.</subfield>
   <subfield code="t">Demographic dividends for India: evidence and implications based on National Transfer Accounts</subfield>
   <subfield code="r">M.R. Narayana -- 8.</subfield>
   <subfield code="t">Population aging, economic growth, and intergenerational transfers in Japan: how dire are the prospects?</subfield>
   <subfield code="r">Mun Sim Lai -- 9.Summary of key findings and main policy recommendations</subfield>
   <subfield code="r">Donghyun Park.</subfield>
  </datafield>
  <datafield tag="520" ind1=" " ind2=" ">
   <subfield code="a">Population aging is perhaps the single biggest econmoic and social obstacle confronting Asia's future. The region-wide demographic transition towards an older population is fundamentally reshaping the demographic landscape, and is giving rise to two key socio-economic challenges. This timely book provides an in-depth analysis of these challenges and presents concrete policy options for tackling them.</subfield>
  </datafield>
  <datafield tag="650" ind1="1" ind2="0">
   <subfield code="a">Population aging</subfield>
   <subfield code="z">Asia.</subfield>
  </datafield>
  <datafield tag="650" ind1=" " ind2="0">
   <subfield code="a">Population aging</subfield>
   <subfield code="x">Economic aspects</subfield>
   <subfield code="z">Asia.</subfield>
  </datafield>
  <datafield tag="650" ind1=" " ind2="0">
   <subfield code="a">Old age pensions</subfield>
   <subfield code="z">Asia.</subfield>
  </datafield>
  <datafield tag="651" ind1=" " ind2="0">
   <subfield code="a">Asia</subfield>
   <subfield code="x">Economic conditions</subfield>
   <subfield code="y">1945-.</subfield>
  </datafield>
  <datafield tag="700" ind1="1" ind2=" ">
   <subfield code="a">Park, Donghyun.</subfield>
  </datafield>
  <datafield tag="700" ind1="1" ind2=" ">
   <subfield code="a">Lee, Sang-Hyop.</subfield>
  </datafield>
  <datafield tag="700" ind1="1" ind2=" ">
   <subfield code="a">Mason, Andrew</subfield>
   <subfield code="d">1947-.</subfield>
  </datafield>
  <datafield tag="710" ind1="2" ind2=" ">
   <subfield code="a">Asian Development Bank.</subfield>
  </datafield>
  <datafield tag="856" ind1="4" ind2="0">
   <subfield code="z">Available for University of the Philippines School of Economics via ADB E-Library. Click here to access</subfield>
   <subfield code="u">http://www.adb.org/publications/aging-economic-growth-and-old-age-security-asia</subfield>
  </datafield>
  <datafield tag="856" ind1="4" ind2="2">
   <subfield code="z">(viewed 21 April 2014)</subfield>
  </datafield>
  <datafield tag="905" ind1=" " ind2=" ">
   <subfield code="a">FO</subfield>
  </datafield>
  <datafield tag="950" ind1=" " ind2=" ">
   <subfield code="a">Monograph</subfield>
  </datafield>
  <datafield tag="852" ind1="0" ind2=" ">
   <subfield code="a">UPD</subfield>
   <subfield code="b">DECON</subfield>
   <subfield code="h">HQ 1064 A78</subfield>
   <subfield code="i">A45 2012</subfield>
  </datafield>
  <datafield tag="852" ind1="0" ind2=" ">
   <subfield code="a">UPD</subfield>
   <subfield code="b">DSURP</subfield>
   <subfield code="h">HQ 1064 A78</subfield>
   <subfield code="i">A45 2012</subfield>
  </datafield>
  <datafield tag="942" ind1=" " ind2=" ">
   <subfield code="a">Book</subfield>
  </datafield>
 </record>
</collection>
